| 000 | 00688nam a22001937a 4500 | ||
|---|---|---|---|
| 003 | LK-CoDNM | ||
| 005 | 20241129144207.0 | ||
| 008 | 241129b |||||||| |||| 00| 0 eng d | ||
| 040 |
_aLK-CoDNM _dLK-CoDNM _eLK-CoDNM |
||
| 041 | _asin | ||
| 080 |
_a294.38 _bSRI |
||
| 100 | _aපූජ්ය පණ්ඩිත මාතර ශ්රී ධර්මවංශ හිමි | ||
| 245 | _aඅභිධර්මචන්ද්රිකාව තුන්වන ප්රකීණික පාදය-1982 | ||
| 260 |
_aතරුණ බෞද්ධ සංගමය _bකොළඹ _c1982 |
||
| 300 | _b40p. ; 22 cm | ||
| 650 | _a1982 | ||
| 650 | _aBuddhism | ||
| 942 | _cBK | ||
| 999 |
_c232897 _d232897 |
||